02197nam a2200397 4500001000400000003000400004005001700008008004100025020001800066040000800084041001300092082001500105100002800120240001300148245007700161260003200238300001100270490003400281500004900315520087100364650002901235650001701264650001901281650001701300650001701317650002001334655001601354655002001370700003401390700003401424830003901458942001501497952014201512952013201654999001301786350OSt20250528074018.0250401b |||||||g |||| 00| 1 eng d a9788580411522 bpor hengapor a813bB877s1 aBrown, Dan,d1964-9179 aInferno  aInferno /cBrown, Dan ; Tradução de Fabiano Morais e Fernanda Abreu aSão PaulobArqueiroc2013 a443 p.1 aSaga Robert LangdonvLivro 04 aInferno Sequência de: O Símbolo Perdido a Neste fascinante thriller, Dan Brown retoma a mistura magistral de história, arte, códigos e símbolos que o consagrou em "O Código Da Vinci", "Anjos e Demônios" e "O Símbolo Perdido" e faz de Inferno sua aposta mais alta até o momento. No coração da Itália, Robert Langdon, o professor de Simbologia de Harvard, é arrastado para um mundo angustiante centrado numa das obras literárias mais duradouras e misteriosas da história: O Inferno, de Dante Alighieri. Numa corrida contra o tempo, ele luta contra um adversário assustador e enfrenta um enigma engenhoso que o leva para uma clássica paisagem de arte, passagens secretas e ciência futurística. Tendo como pano de fundo poema de Dante, e mergulha numa caçada frenética para encontrar respostas e decidir em quem confiar, antes que o mundo que conhecemos seja destruído. 0aLiteratura Americana984 0aSuspense910 0aMistério942 0aAventura947 0aVírus9728 0aAmnésia 9729 0aRomance923 0aFicção 922 aFernanda AbreueTradutor9185 aFabiano MoraiseTradutor9727 aSaga Robert Langdon9181vLivro 04 2ddcn0cBK 00102ddc3Livro 0440708FICaBIBIBbBIBIBcLEd2022-03-14edoaçãol0o813 / B877ip2025-16566r2025-04-01 09:04:46w2025-04-01yBK 00102ddc40708FICaBIBIBbBIBIBcIJd2026-05-20edoaçãol0o813 / B877ip2026-17453r2026-05-20 08:33:09w2026-05-20yBK c350d350